| 000 | 01077cam a2200241Mi 4500 | ||
|---|---|---|---|
| 001 | krntenimmosaik00fant | ||
| 003 | CaSfIA | ||
| 005 | 20210118162624.0 | ||
| 007 | cr|||| | ||
| 008 | 090118s1974 xx 000 0 und d | ||
| 040 |
_aGEBAY _erakwb _bger _cGEBAY _dCaSfIA |
||
| 035 | _a(OCoLC)300169825 | ||
| 100 | 1 | _aFantur, Werner | |
| 245 | 0 | 0 |
_aKärnten im Mosaik der Erde _h[electronic resource] |
| 260 |
_aKlagenfurt _bVerl. Carinthia _c1974 |
||
| 300 |
_a303 S. : _bzahlr. Ill. |
||
| 029 | 1 |
_aGEBAY _b10991634 |
|
| 856 | 4 | 1 |
_uhttp://www.archive.org/details/krntenimmosaik00fant _zFree eBook from the Internet Archive |
| 856 | 4 | 2 |
_uhttp://www.openlibrary.org/books/OL24373040M _zAdditional information and access via Open Library |
| 942 | _cEB | ||
| 506 | _fНеобхідна авторизація на https://archive.org/ (створення облікового запису безкоштовно) | ||
| 506 | _fНеобхідна авторизація на https://openlibrary.org/ (створення облікового запису безкоштовно) | ||
| 999 |
_c516391 _d516391 |
||